Statistics for Clear Circles on the Map of Europe by Main City

Click here to take the quiz!

General Stats

  • This quiz has been taken 294 times
  • The average score is 268 of 360

Answer Stats

Circle % Correct
4 - London, Paris, Paris, Nantes
100%
Saint-Brieuc
100%
London
99%
3 - Madrid, Lisbon, Seville
99%
Bilbao
99%
Paris
99%
Milan
99%
Madrid
99%
5 - Madrid, Barcelona, Valencia, Bordeaux, Andorra la Vella
99%
8 - Milan, Munich, Turin, Bologna, Bern, Monaco, Vaduz, San Marino
99%
4 - London, Birmingham, Manchester, Norwich
99%
5 - Manchester, Liverpool, Dublin, Belfast, Cork
99%
4 - Berlin, Prague, Wroclaw, Gdansk
99%
Norwich
99%
Cork
99%
6 - Paris, The Ruhr, Cologne, Rotterdam, Brussels, Luxembourg
99%
Cologne
99%
Berlin
99%
Genoa
99%
Seville
99%
Dublin
99%
Toulouse
99%
Málaga
99%
Wroclaw
99%
Paris
99%
Zurich
99%
Turin
99%
Birmingham
99%
Bologna
99%
Manchester
99%
Leeds
99%
Liverpool
99%
Brussels
99%
Swansea
99%
Belfast
99%
Vaduz
99%
Coimbra
99%
Sligo
99%
Bern
99%
Limerick
99%
Faro
99%
Andorra la Vella
99%
Luxembourg
99%
7 - Rome, Genoa, Bologna, Cagliari, Monaco, San Marino, Vatican City
98%
7 - Naples, Rome, Sarajevo, Bari, Podgorica, San Marino, Vatican City
98%
3 - Madrid, Porto, Bilbao
98%
A Coruña
98%
Vienna
98%
Monaco
98%
Bari
98%
Porto
98%
Rome
98%
Naples
98%
Vigo
98%
Gijon
98%
3 - Madrid, Valencia, Oran
98%
Vatican City
98%
5 - Katowice, Munich, Vienna, Prague, Bratislava
98%
Lugo
98%
Oviedo
98%
4 - Stockholm, Oslo, Uppsala, Sundsvall
98%
Bratislava
98%
Uppsala
98%
Valencia
98%
Prague
98%
Oslo
98%
Hamar
98%
3 - Oslo, Gothenburg, Bergen
98%
4 - Athens, Tirana, Thessaloniki, Patra
97%
Hamburg
97%
Marseille
97%
Izmir
97%
Athens
97%
Barcelona
97%
The Ruhr
97%
Patra
97%
Frankfurt
97%
4 - Athens, Izmir, Bursa, Thessaloniki
97%
4 - The Ruhr, Cologne, Berlin, Hamburg
97%
8 - The Ruhr, Cologne, Frankfurt, Munich, Zurich, Bern, Luxembourg, Vaduz
97%
Kalamata
97%
5 - Barcelona, Marseille, Toulouse, Monaco, Andorra la Vella
97%
6 - Lyon, Turin, Marseille, Toulouse, Bern, Monaco
97%
Lyon
97%
Munich
97%
Moscow
96%
San Marino
96%
Helsinki
96%
4 - Moscow, Yaroslavl, Ryazan', Cherepovets
96%
Katowice
96%
6 - Vienna, Zagreb, Sarajevo, Bratislava, Ljubljana, San Marino
96%
Ryazan'
96%
Varna
96%
Yaroslavl
96%
5 - Budapest, Katowice, Vienna, Lviv, Bratislava
96%
Lahti
96%
Espoo
96%
Budapest
96%
5 - Istanbul, Bucharest, Bursa, Sofia, Skopje
96%
Tallinn
96%
Zagreb
96%
Sofia
96%
Ljubljana
96%
Tampere
96%
5 - Helsinki, Tallinn, Espoo, Tampere, Pskov
96%
Stockholm
95%
Skopje
95%
Pristina
95%
Rotterdam
95%
Tirana
95%
Amsterdam
95%
Belgrade
95%
Thessaloniki
95%
6 - The Ruhr, Cologne, Rotterdam, Amsterdam, Brussels, Groningen
95%
8 - Belgrade, Sofia, Sarajevo, Pristina, Skopje, Tirana, Bari, Podgorica
95%
Sarajevo
95%
4 - Stockholm, Espoo, Tampere, Visby
95%
Pori
95%
Groningen
95%
5 - Budapest, Belgrade, Zagreb, Sarajevo, Cluj-Napoca
95%
Podgorica
95%
Amadora
94%
4 - Kiev, Minsk, Gomel, Bryansk
94%
Glasgow
94%
Riga
94%
Kryvyi Rih
94%
Lisbon
94%
5 - Glasgow, Edinburgh, Belfast, Aberdeen, Stornoway
94%
4 - Copenhagen, Gothenburg, Malmo, Visby
94%
Vilnius
94%
4 - Minsk, Riga, Vilnius, Pskov
94%
Gomel
94%
Copenhagen
94%
5 - Kiev, Dnipropetrovsk, Odessa, Chisinau, Khmelnytskyi
94%
Malmo
94%
Inverness
94%
Mogilev
94%
Kiev
94%
Kaunas
94%
5 - Lisbon, Lisbon, Amadora, Coimbra, Faro
94%
Lisbon
94%
3 - Istanbul, Ankara, Izmir
93%
4 - Katowice, Warsaw, Lodz, Gdansk
93%
Lodz
93%
Warsaw
93%
Lublin
93%
Istanbul
93%
Gothenburg
93%
Antalya
93%
Esbjerg
93%
Mandal
93%
4 - Istanbul, Ankara, Bursa, Varna
93%
Bursa
93%
3 - Hamburg, Copenhagen, Gothenburg
93%
Isparta
93%
Ankara
93%
Gdansk
93%
4 - Reykjavik, Kopavogur, Hafnarfjoerdur, Isafjoerdur
92%
5 - Leeds, Glasgow, Newcastle, Aberdeen, Kirkwall
92%
Elgin
92%
Edinburgh
92%
Hafnarfjoerdur
92%
Aberdeen
92%
Kopavogur
92%
Reykjavik
92%
Newcastle
92%
Bucharest
91%
5 - Bucharest, Chisinau, Iasi, Cluj-Napoca, Varna
91%
4 - Minsk, Vilnius, Kaunas, Lublin
91%
Cluj-Napoca
91%
Iasi
91%
Minsk
91%
Palermo
90%
Saint Petersburg
90%
5 - Naples, Palermo, Catania, Bari, Valletta
90%
Catania
90%
4 - Tunis, Sousse, Palermo, Cagliari
90%
Velikiy Novgorod
90%
Cagliari
90%
5 - Saint Petersburg, Kalininskiy, Krasnogvargeisky, Petrozavodsk, Pskov
90%
Kalininskiy
90%
Krasnogvargeisky
90%
Tikhvin
90%
Tunis
90%
El Jadida
88%
Visby
88%
Kaliningrad
88%
Tebessa
88%
Azemmour
88%
Tangier
88%
Rabat
88%
Fez
88%
5 - Casablanca, Rabat, Seville, Tangier, Rabat
88%
4 - Tunis, Sousse, Tebessa, El Oued
88%
Casablanca
88%
Sousse
88%
Rabat
88%
4 - Riga, Gdansk, Kaliningrad, Visby
88%
4 - Algiers, Boumerdas, Constantine, Palma
84%
Palma
84%
Algiers
84%
Boumerdas
84%
Aleppo
83%
Tel Aviv-Jaffa
83%
Damascus
83%
4 - Tripoli, Misrata, Catania, Valletta
83%
Misrata
83%
Amman
83%
Adana
83%
7 - Amman, Damascus, Tel Aviv-Jaffa, Aleppo, Beirut, Deir ez-Zor, Nicosia
83%
4 - Ankara, Aleppo, Adana, Samsun
83%
Tripoli
83%
Valletta
83%
Sivas
83%
Deir ez-Zor
83%
Beirut
83%
Nantes
82%
Bordeaux
82%
4 - Bordeaux, Toulouse, Bilbao, Nantes
82%
4 - Algiers, Boumerdas, Tebessa, Ouargla
81%
Djelfa
81%
Ouargla
81%
El Oued
81%
Constantine
81%
Nicosia
79%
4 - Antalya, Nicosia, Isparta, Fethiye
79%
Fethiye
79%
Galway
78%
4 - Cork, Limerick, Galway, Sligo
78%
Ballina
78%
Sevastopol
74%
4 - Bergen, Stavanger, Sandnes, Alesund
74%
Stavanger
74%
Sandnes
74%
Bergen
74%
Forde
74%
4 - Odessa, Kryvyi Rih, Chisinau, Sevastopol
74%
Chisinau
74%
Odessa
74%
3 - Porto, Vigo, A Coruña
73%
4 - Plymouth, Swansea, Brest, Saint-Brieuc
67%
Plymouth
67%
Brest
67%
Oran
63%
5 - Oran, Fez, Málaga, Djelfa, Ain Sefra
63%
Ain Sefra
63%
Krasnodar
60%
5 - Donetsk, Dnipropetrovsk, Rostov, Krasnodar, Sevastopol
60%
Rostov
60%
Kirkwall
59%
Lerwick
59%
4 - Aberdeen, Lerwick, Elgin, Kirkwall
59%
Kharkiv
57%
4 - Kharkiv, Donetsk, Dnipropetrovsk, Kursk
57%
Donetsk
57%
Dnipropetrovsk
57%
Trabzon
55%
4 - Samsun, Sochi, Sivas, Trabzon
55%
Sochi
55%
Samsun
55%
Oulu
53%
Stornoway
53%
4 - Inverness, Kirkwall, Stornoway, Torshavn
53%
Kuopio
53%
5 - Tampere, Oulu, Lahti, Kuopio, Rovaniemi
53%
Heraklion
52%
3 - Heraklion, Darnah, Fethiye
52%
Trondheim
50%
Kristiansund
50%
3 - Trondheim, Alesund, Hamar
50%
Molde
50%
Lviv
49%
Khmelnytskyi
49%
Kuusamo
49%
4 - Lviv, Khmelnytskyi, Lublin, Cluj-Napoca
49%
4 - Tromso, Lulea, Skelleftea, Kiruna
49%
4 - Oulu, Lulea, Rovaniemi, Kuusamo
49%
Rovaniemi
49%
Kiruna
49%
4 - Murmansk, Apatity, Severomorsk, Kuusamo
49%
Murmansk
49%
Lulea
49%
Apatity
49%
Inari
49%
4 - Murmansk, Severomorsk, Polyarnyy, Zaozersk
48%
Polyarnyy
48%
Ostrovnoy
48%
3 - Tromso, Harstad, Narvik
48%
4 - Murmansk, Severomorsk, Zapolyarnyy, Zaozersk
48%
Zaozersk
48%
4 - Murmansk, Apatity, Severomorsk, Ostrovnoy
48%
Severomorsk
48%
Zapolyarnyy
48%
3 - Tromso, Kiruna, Alta
47%
Tromso
47%
4 - Kharkiv, Voronezh, Ryazan', Bryansk
43%
Bryansk
43%
Voronezh
43%
Kursk
43%
Benghazi
42%
4 - Benghazi, Al Marj, Darnah, Kalamata
42%
Darnah
42%
Al Marj
42%
4 - Gijon, A Coruña, Oviedo, Lugo
41%
4 - Stavanger, Esbjerg, Sandnes, Mandal
41%
Skelleftea
40%
Ornskoldsvik
40%
Umea
40%
5 - Pori, Umea, Vaasa, Sundsvall, Lulea
40%
Vaasa
40%
Funchal
35%
Camara de Lobos
35%
Machico
35%
3 - Funchal, Camara de Lobos, Machico
35%
Pskov
31%
5 - Mogilev, Vitebsk, Smolensk, Velikiy Novgorod, Pskov
31%
Vitebsk
31%
Smolensk
31%
4 - Bodo, Harstad, Mo i Rana, Fristad
30%
Harstad
30%
Narvik
30%
Bodo
30%
Mo i Rana
30%
Torshavn
27%
4 - Alesund, Molde, Kristiansund, Forde
27%
Alesund
27%
1 - Torshavn
27%
Joensuu
25%
4 - Petrozavodsk, Kuopio, Joensuu, Segezha
25%
Alta
22%
2 - Alta, Inari
22%
Egilsstadir
21%
Höfn
21%
Cherepovets
21%
Vologda
21%
Petrozavodsk
21%
Fristad
21%
4 - Cherepovets, Vologda, Petrozavodsk, Tikhvin
21%
Sundsvall
21%
3 - Akureyri, Egilsstadir, Höfn
21%
Ostersund
21%
4 - Sundsvall, Ostersund, Ornskoldsvik, Fristad
21%
2 - Akureyri, Egilsstadir
20%
Akureyri
20%
1 - Ponta Delgada
18%
Severodvinsk
18%
Segezha
18%
Kondopoga
18%
Ponta Delgada
18%
5 - Petrozavodsk, Severodvinsk, Kondopoga, Segezha, Mirny
18%
Mirny
18%
2 - El Jadida, Azemmour
16%
1 - Ballina
16%
1 - Olonkinbyen
10%
1 - Olonkinbyen
10%
2 - Egilsstadir, Höfn
10%
Olonkinbyen
10%
1 - Egilsstadir
7%
1 - Isafjoerdur
4%
Isafjoerdur
4%

Score Distribution

Percentile by Number Answered

Percent of People with Each Score

Your Score History

You have not taken this quiz